00469nam a2200145Ia 4500082001800000245003600018260006400054300001500118650002300133650002400156650002100180650002000201650003900221710006300260 a614.546 SOC-; 0aReport on the National Workshop aWardhabCentre for Social Science Research on Leprosyc1989 avii, 312p. aLeprosy - Research aLeprosy - Diagnosis aTropical disease aSocial medicine aTropical medicine - Social aspects aSocial research methods for the study of tropical diseases